01193cam a22001572a 4500001000900000003001100009008004300020245010700063260001700170260002600187260001200213300001200225440005000237500064300287650010500930 010120 AR-FADEU 311216n1966####xxu####################dd aAntecedentes. Documentos políticos y legislativos Bandos y proclamas. Uniformes militares argentinos aBuenos Aires bSenado de la Nación c1966-68 a18;19 v aObras y documentos para la historia argentina aContiene: Antecedentes años 1809-1810. Días de mayo. Correspondencia de la junta provisional Gubernativa con los gobernadores intendentes de las provincias interiores. Correspondencia Moreno-Saavedra-Chiclana y entre las autoridades españolas. Bandos, proclamas e impresos. Varios. T.19. Documentos varios 1811. Creación, implantación y extinción de las juntas provinciales subalternas. Libro de acuerdos secretos. El redactor 1813. El redactor 1816-1820. Manifiestos. Actas secretas. Votos salvos. Documentos varios 1810-1816. Impresos en idiomas aborígenes. Antecedentes relativos a la organización del ejercito nacional aREVOLUCION DE MAYO-DOCUMENTOS; REVOLUCION DE MAYO-OBRA; REVOLUCION DE MAYO-HISTORIA ARGENTINA/BLYNK/